000 00211nam a22001097a 4500
041 _aeng
080 _a55
090 _bBRO
100 _aBrooks, Maurice.
245 _aThe Life of the Mountains.
999 _c280883
_d280883
942 _cBK